Least populated capitals of countries - Statistics

General Stats
  • This quiz has been taken 146 times
  • The average score is 10 of 20
Answer Stats
Population City % Correct
902 Vatican City, Vatican City
97%
22,884 Andorra la vella, Andorra
76%
4,493 San Marino, San Marino
76%
5,248 Vaduz, Liechtenstein
74%
1,100 Yaren, Nauru
53%
4,492 Funafuti, Tuvalu
50%
6,315 Valletta, Malta
50%
13,043 Basseterre, St. Kitts and Nevis
46%
22,400 Nuku'alofa, Tonga
46%
16,031 Kingstown, St. Vincent and the Grenadines
42%
25,400 Majuro, Marshall Islands
42%
391 Ngerulmud, Palau
42%
9,900 Palikir, Micronesia
42%
14,847 Roseau, Dominica
39%
29,298 Victoria, Seychelles
38%
7,500 St. George's, Grenada
37%
30,000 Tarawa, Kiribati
37%
22,679 St. John's, Antigua and Barbuda
36%
12,300 Belmopan, Belize
33%
28,135 Bandar Seri Begawan, Brunei
31%
No matching quizzes found
Score Distribution
Percent of People with Each Score
Percentile by Number Answered
Your Score History
You have not taken this quiz